[Event "CRO-ch"]
[Site "Zagreb"]
[Date "2004.11.25"]
[Round "10"]
[White "Cebalo, Miso"]
[Black "Stevic, Hrvoje"]
[Result "1/2-1/2"]
[WhiteElo "2520"]
[BlackElo "2539"]
[PlyCount "99"]
[EventDate "2004.11.16"]
[EventType "tourn"]
[EventRounds "11"]
[EventCountry "CRO"]
[EventCategory "10"]
[Source "ChessBase"]
[SourceDate "2005.04.01"]

1. d4 d5 2. c4 dxc4 3. Nf3 Nf6 4. e3 e6 5. Bxc4 c5 6. O-O a6 7. Bb3 Nc6 8. Nc3
cxd4 9. exd4 Be7 10. Bg5 O-O 11. Qd2 b5 12. Rad1 Na5 13. Bc2 Bb7 14. d5 b4 15.
Qd3 g6 16. d6 Bxd6 17. Qxd6 Qxd6 18. Rxd6 Ne8 19. Rb6 bxc3 20. Be7 cxb2 21. Nd2
Nc7 22. Bxf8 Kxf8 23. Rxb2 Rd8 24. Nc4 Nxc4 25. Rxb7 Nb5 26. Rd1 Nd2 27. Re1
Nd4 28. Ba4 Rc8 29. Rb4 e5 30. f4 a5 31. Rb2 Nc4 32. Rf2 Nb6 33. Bd1 exf4 34.
Rxf4 Rd8 35. g4 h6 36. Kf2 Rd7 37. Rf6 Nd5 38. Ra6 Nb4 39. Ra8+ Kg7 40. Ba4 Rd6
41. Rd1 Rf6+ 42. Kg2 Ne6 43. Rxa5 Nf4+ 44. Kh1 Nxa2 45. Rf1 Nc3 46. Bb3 g5 47.
Ra7 Ne4 48. Ba2 Nc3 49. Bc4 Ncd5 50. Ba2 1/2-1/2

[Event "SLO-chT"]
[Site "Celje"]
[Date "2004.12.04"]
[Round "8"]
[White "Kozul, Zdenko"]
[Black "Stevic, Hrvoje"]
[Result "0-1"]
[WhiteElo "2640"]
[BlackElo "2539"]
[PlyCount "72"]
[EventDate "2004.11.29"]
[EventType "team"]
[EventRounds "9"]
[EventCountry "SLO"]
[Source "ChessBase"]
[SourceDate "2004.12.30"]

1. d4 d5 2. c4 dxc4 3. Nf3 Nf6 4. e3 e6 5. Bxc4 c5 6. O-O a6 7. a3 b5 8. Ba2
Bb7 9. Nc3 Nbd7 10. Qe2 Qb6 11. Rd1 Rd8 12. h3 Be7 13. e4 cxd4 14. Rxd4 O-O 15.
Rd3 Nxe4 16. Be3 Bc5 17. Rad1 Ndf6 18. Nxe4 Nxe4 19. Ne5 Bxe3 20. Rxe3 Rxd1+
21. Qxd1 Qc7 22. Nd3 Rd8 23. Qe1 Rd4 24. Bb1 Qd6 25. Bc2 g6 26. f3 Ng3 27. Ne5
Nf5 28. Bxf5 Rd1 29. Bb1 Qd4 30. Kf1 Rxe1+ 31. Rxe1 Qxb2 32. Bd3 Qxa3 33. Be2
Bd5 34. Rd1 Qc3 35. Nd7 a5 36. Nb6 a4 0-1

[Event "RUS Cup Qualifier"]
[Site "Internet"]
[Date "2004.12.24"]
[Round "?"]
[White "Potkin, Vladimir"]
[Black "Drozdovskij, Yuri"]
[Result "0-1"]
[WhiteElo "2523"]
[BlackElo "2506"]
[PlyCount "100"]
[EventDate "2004.12.24"]
[EventType "swiss (rapid)"]
[EventRounds "13"]
[EventCountry "RUS"]
[Source "ChessBase"]
[SourceDate "2005.03.03"]

1. d4 d5 2. c4 dxc4 3. Nf3 Nf6 4. e3 e6 5. Bxc4 c5 6. O-O Nc6 7. dxc5 Bxc5 8.
Qe2 O-O 9. a3 Qc7 10. h3 Ne5 11. Nxe5 Qxe5 12. Nd2 b6 13. Rb1 Bb7 14. b4 Bd6
15. f4 Qh5 16. Qxh5 Nxh5 17. Bb2 Rfd8 18. Rfd1 Rac8 19. Rbc1 Nf6 20. Kf2 Be7
21. Bd4 h6 22. g4 Nd5 23. Nf3 Bf6 24. Ne5 Ne7 25. Bb5 Rxc1 26. Rxc1 Rc8 27.
Rxc8+ Nxc8 28. Nc6 Bxc6 29. Bxc6 Bxd4 30. exd4 Kf8 31. Ke3 Ke7 32. h4 f6 33.
Be4 Nd6 34. Bd3 Kd7 35. d5 exd5 36. Kd4 Kc6 37. Be2 Nb5+ 38. Bxb5+ Kxb5 39.
Kxd5 Ka4 40. Ke6 Kxa3 41. Kf7 Kxb4 42. Kxg7 a5 43. Kxh6 a4 44. Kg6 a3 45. h5 a2
46. h6 a1=Q 47. h7 f5 48. gxf5 Qh8 49. f6 Kc5 50. f7 Kd6 0-1

[Event "RUS Cup Qualifier"]
[Site "Internet"]
[Date "2004.12.24"]
[Round "?"]
[White "Shipov, Sergei"]
[Black "Drozdovskij, Yuri"]
[Result "0-1"]
[WhiteElo "2588"]
[BlackElo "2506"]
[PlyCount "56"]
[EventDate "2004.12.24"]
[EventType "swiss (rapid)"]
[EventRounds "13"]
[EventCountry "RUS"]
[Source "ChessBase"]
[SourceDate "2005.03.03"]

1. d4 d5 2. c4 dxc4 3. Nf3 Nf6 4. e3 e6 5. Bxc4 c5 6. O-O Nc6 7. Nc3 cxd4 8.
exd4 Be7 9. Re1 O-O 10. a3 b6 11. Qd3 Bb7 12. Bg5 h6 13. Bh4 Nh5 14. Bg3 Nxg3
15. hxg3 Bf6 16. Rad1 Ne7 17. Ba2 Nd5 18. Bb1 g6 19. Ne5 Bg7 20. Ba2 Rc8 21.
Bb3 Nxc3 22. bxc3 Bd5 23. c4 Bb7 24. d5 exd5 25. cxd5 Rc5 26. f4 Qd6 27. Nc4
Qxd5 28. Qe3 Qxg2# 0-1

[Event "RUS Cup Qualifier"]
[Site "Internet"]
[Date "2004.12.24"]
[Round "?"]
[White "Shipov, Sergei"]
[Black "Rustemov, Alexander"]
[Result "0-1"]
[WhiteElo "2588"]
[BlackElo "2589"]
[PlyCount "86"]
[EventDate "2004.12.24"]
[EventType "swiss (rapid)"]
[EventRounds "13"]
[EventCountry "RUS"]
[Source "ChessBase"]
[SourceDate "2005.03.03"]

1. d4 d5 2. c4 dxc4 3. Nf3 e6 4. e3 a6 5. Bxc4 c5 6. O-O Nf6 7. Bb3 Nc6 8. Nc3
cxd4 9. exd4 Na5 10. Bc2 Be7 11. Bg5 b5 12. Re1 Bb7 13. Ne5 O-O 14. Qd3 g6 15.
Rad1 Nd5 16. Bh6 Nb4 17. Qd2 Nxc2 18. Qxc2 Re8 19. Qd2 f6 20. Ng4 Nc4 21. Qf4
f5 22. d5 Bd6 23. dxe6 Bxf4 24. Rxd8 fxg4 25. Rxe8+ Rxe8 26. Bxf4 Nxb2 27. h4
Nd3 28. Rd1 Nxf4 29. Rd7 Bc6 30. Rc7 Rxe6 31. Kh2 Nxg2 32. Kg3 h5 33. a3 Ne1
34. Kf4 Nf3 35. Na2 Rf6+ 36. Ke3 Nxh4 37. Nb4 Bf3 38. Nd3 Ng2+ 39. Kd4 Rd6+ 40.
Ke5 Rxd3 41. Kf6 Rd6+ 42. Kg5 h4 43. Kh6 Kf8 0-1

[Event "Nova Gorica op 10th"]
[Site "Nova Gorica"]
[Date "2005.02.01"]
[Round "7"]
[White "Markus, Robert"]
[Black "Mikhalchishin, Adrian"]
[Result "1/2-1/2"]
[WhiteElo "2584"]
[BlackElo "2522"]
[PlyCount "60"]
[EventDate "2005.01.28"]
[EventType "swiss"]
[EventRounds "9"]
[EventCountry "SLO"]
[Source "ChessBase"]
[SourceDate "2005.03.03"]

1. d4 d5 2. c4 dxc4 3. Nf3 c5 4. e3 e6 5. Bxc4 a6 6. a4 Nf6 7. O-O Nc6 8. Qe2
Qc7 9. Nc3 Be7 10. b3 O-O 11. Bb2 Bd7 12. Rac1 Rad8 13. Rfd1 Bc8 14. h3 Na5 15.
d5 Qb6 16. Qc2 exd5 17. Bxd5 Nc6 18. Bc4 Be6 19. Ng5 Nb4 20. Qe2 Bxc4 21. bxc4
Rxd1+ 22. Rxd1 Rd8 23. Rxd8+ Qxd8 24. Nf3 Qd3 25. Qxd3 Nxd3 26. Ba3 Nd7 27. Nd5
Bd8 28. Kf1 N3e5 29. Nxe5 Nxe5 30. Bxc5 Nxc4 1/2-1/2

[Event "SCG-ch 1st"]
[Site "Kopaonik"]
[Date "2005.04.03"]
[Round "2"]
[White "Damljanovic, Branko"]
[Black "Todorovic, Goran M"]
[Result "1-0"]
[WhiteElo "2588"]
[BlackElo "2511"]
[PlyCount "99"]
[EventDate "2005.04.02"]
[EventType "tourn"]
[EventRounds "13"]
[EventCountry "YUG"]
[EventCategory "11"]
[Source "ChessBase"]
[SourceDate "2005.05.28"]

1. d4 d5 2. c4 dxc4 3. Nf3 Nf6 4. Nc3 a6 5. e4 b5 6. e5 Nd5 7. a4 Nxc3 8. bxc3
Bb7 9. e6 f6 10. Nh4 g6 11. Be2 Bd5 12. O-O Nc6 13. f4 b4 14. f5 bxc3 15. fxg6
c2 16. Qxc2 Bxe6 17. Rd1 Nb4 18. Qc3 Nd3 19. Bxd3 cxd3 20. Qxd3 Qd5 21. gxh7
Qh5 22. Qg6+ Bf7 23. Qxh5 Bxh5 24. Re1 Rxh7 25. Bf4 Kd7 26. Rac1 c6 27. Rb1 Ra7
28. Bb8 Ra8 29. Rb7+ Kc8 30. Reb1 Bh6 31. Kf2 Bg4 32. Bg3 Kd8 33. Rb8+ Rxb8 34.
Rxb8+ Kd7 35. Ra8 Ke6 36. h3 Bd1 37. Rxa6 Kd5 38. Nf5 e6 39. Nxh6 Rxh6 40. a5
Rh7 41. Rb6 Ba4 42. a6 e5 43. Rb7 Rh8 44. a7 Ra8 45. dxe5 fxe5 46. Re7 c5 47.
Bxe5 Rf8+ 48. Ke3 Bc6 49. h4 Kc4 50. h5 1-0

[Event "BIH-chT"]
[Site "Neum"]
[Date "2005.06.06"]
[Round "3"]
[White "Kozul, Zdenko"]
[Black "Stojanovic, Mihajlo"]
[Result "1-0"]
[WhiteElo "2591"]
[BlackElo "2519"]
[PlyCount "125"]
[EventDate "2005.06.04"]
[EventType "team"]
[EventRounds "9"]
[EventCountry "BIH"]
[Source "ChessBase"]
[SourceDate "2005.07.11"]

1. d4 d5 2. c4 dxc4 3. Nf3 c5 4. e3 cxd4 5. Bxc4 Qc7 6. Qb3 e6 7. exd4 Nf6 8.
O-O Be7 9. Nc3 Nc6 10. d5 exd5 11. Nxd5 Nxd5 12. Bxd5 O-O 13. Be3 Bg4 14. Rac1
Qa5 15. h3 Nb4 16. Bxf7+ Rxf7 17. hxg4 Qxa2 18. Qxa2 Nxa2 19. Rc7 Bf6 20. Rxf7
Kxf7 21. g5 Be7 22. Rd1 Ke6 23. Nd4+ Ke5 24. Ne2 Rd8 25. Ra1 Nb4 26. Rxa7 Rd1+
27. Kh2 Rd7 28. Ra4 Ke4 29. Ra3 Kf5 30. Nd4+ Kg6 31. Nf3 Kf5 32. Kh3 Rd3 33.
Ra7 Rd7 34. Ra4 Nd3 35. Ra5+ Ke6 36. Rb5 g6 37. g3 Bf8 38. Bd4 Nb4 39. Kg2 Nd5
40. Kf1 Rf7 41. Ke2 Rc7 42. Kd3 Nb4+ 43. Ke4 Nc6 44. Bc3 Na7 45. Ra5 Nc8 46.
Ra8 Nd6+ 47. Kd3 Rc8 48. Ra1 Kd5 49. Nd2 Re8 50. Rh1 Re7 51. Bb4 Rf7 52. f4 Nf5
53. Bxf8 Nxg3 54. Rg1 Nh5 55. Ba3 Rxf4 56. Ke3 b5 57. b3 Rh4 58. Nf3 Re4+ 59.
Kf2 b4 60. Rd1+ Kc6 61. Bc1 Re8 62. Rd4 Kc5 63. Rc4+ 1-0

[Event "Montreal 6th"]
[Site "Montreal"]
[Date "2005.08.03"]
[Round "1"]
[White "Mikhalevski, Victor"]
[Black "Shipov, Sergei"]
[Result "1-0"]
[WhiteElo "2572"]
[BlackElo "2582"]
[PlyCount "87"]
[EventDate "2005.08.03"]
[EventType "tourn"]
[EventRounds "11"]
[EventCountry "CAN"]
[EventCategory "12"]
[Source "ChessBase"]
[SourceDate "2005.09.06"]

1. d4 d5 2. c4 dxc4 3. Nf3 e6 4. e3 c5 5. Bxc4 a6 6. Bb3 Nf6 7. O-O b5 8. a4 b4
9. Nbd2 Be7 10. dxc5 O-O 11. Qe2 Bb7 12. Bc2 Nbd7 13. e4 Nxc5 14. e5 Nfd7 15.
a5 Qc7 16. b3 Bd5 17. Bb2 Rac8 18. Rfc1 Qb7 19. Nc4 Be4 20. Re1 Bxc2 21. Qxc2
Rfd8 22. Re3 Nf8 23. Rc1 Ncd7 24. Bd4 Ng6 25. g3 h6 26. Qb2 Rc6 27. h4 Bf8 28.
Rd1 Ne7 29. Bb6 Rb8 30. Nd6 Qa8 31. Nd4 Rc3 32. Rxc3 bxc3 33. Qxc3 Nxb6 34.
axb6 Rxb6 35. Qc7 Rb4 36. Qd7 Rb8 37. Nxf7 Qd5 38. Qxd5 Nxd5 39. Nd6 Be7 40.
Nxe6 Nc3 41. Rd3 Ne2+ 42. Kf1 Nc1 43. Rc3 Nxb3 44. Rc7 1-0

[Event "CRO-chT"]
[Site "Sibenik"]
[Date "2005.10.05"]
[Round "7.3"]
[White "Gyimesi, Zoltan"]
[Black "Stevic, Hrvoje"]
[Result "1/2-1/2"]
[WhiteElo "2624"]
[BlackElo "2514"]
[PlyCount "80"]
[EventDate "2005.10.01"]
[EventType "team"]
[EventRounds "11"]
[EventCountry "CRO"]
[Source "ChessBase"]
[SourceDate "2005.11.04"]

1. d4 d5 2. c4 dxc4 3. Nf3 Nf6 4. e3 e6 5. Bxc4 c5 6. O-O a6 7. dxc5 Qxd1 8.
Rxd1 Bxc5 9. Nbd2 b6 10. Be2 Bb7 11. Nc4 Nbd7 12. Nd4 O-O 13. Nb3 Bb4 14. f3
Rfd8 15. Kf1 Bd5 16. e4 Bxc4 17. Bxc4 b5 18. Be2 Nc5 19. Rxd8+ Rxd8 20. Nxc5
Bxc5 21. a4 Bd6 22. axb5 axb5 23. Bxb5 Bxh2 24. Bc6 Be5 25. Ra8 Rxa8 26. Bxa8
Kf8 27. b4 Ke7 28. Bc6 Nd7 29. Be3 Kd6 30. Ba4 Bc3 31. Bxd7 Kxd7 32. b5 h5 33.
Ke2 Bf6 34. Kd3 g6 35. Kc4 Kc7 36. Bf4+ Kb6 37. Bd6 Bb2 38. Be7 Kc7 39. Kb4 Bc1
40. Ka5 Kb7 1/2-1/2

[Event "SLO-chT1"]
[Site "Bled"]
[Date "2005.11.27"]
[Round "2"]
[White "Farago, Ivan"]
[Black "Borisek, Jure"]
[Result "1/2-1/2"]
[WhiteElo "2512"]
[BlackElo "2514"]
[PlyCount "29"]
[EventDate "2005.11.26"]
[EventType "team"]
[EventRounds "9"]
[EventCountry "SLO"]
[Source "ChessBase"]
[SourceDate "2006.01.03"]

1. d4 d5 2. c4 dxc4 3. Nf3 Nf6 4. e3 e6 5. Bxc4 c5 6. O-O a6 7. Bb3 Nc6 8. Qe2
cxd4 9. Rd1 Be7 10. Nc3 O-O 11. Nxd4 Qc7 12. Nxc6 Qxc6 13. Bd2 b5 14. Rac1 Qb7
15. e4 1/2-1/2

[Event "Budapest FS12 GM-A"]
[Site "Budapest"]
[Date "2005.12.07"]
[Round "5"]
[White "Farago, Ivan"]
[Black "Erdos, Viktor"]
[Result "1/2-1/2"]
[WhiteElo "2512"]
[BlackElo "2522"]
[PlyCount "71"]
[EventDate "2005.12.03"]
[EventType "tourn"]
[EventRounds "11"]
[EventCountry "HUN"]
[EventCategory "10"]
[Source "ChessBase"]
[SourceDate "2006.01.03"]

1. d4 d5 2. c4 dxc4 3. Nf3 Nf6 4. e3 e6 5. Bxc4 a6 6. Bb3 c5 7. O-O b5 8. a4 b4
9. Nbd2 Bb7 10. e4 Be7 11. e5 Nfd7 12. Nc4 O-O 13. Bf4 Nc6 14. Bc2 cxd4 15.
Nxd4 Nxd4 16. Qxd4 b3 17. Be4 Bxe4 18. Qxe4 Nc5 19. Qe3 Qd3 20. Rfc1 Rfd8 21.
g3 Qxe3 22. Bxe3 Nd3 23. Rd1 Rac8 24. Na5 Nxe5 25. Rxd8+ Rxd8 26. Nxb3 Rb8 27.
Nd4 Rxb2 28. Rc1 h5 29. Nc6 Nxc6 30. Rxc6 a5 31. Rc8+ Kh7 32. Rc7 Bf6 33. Rc5
h4 34. gxh4 Bd8 35. Rc8 Bf6 36. Rc5 1/2-1/2

[Event "Beijing zt 3.3"]
[Site "Beijing"]
[Date "2005.10.20"]
[Round "1"]
[White "Zhou Jianchao"]
[Black "Wang Hao"]
[Result "1/2-1/2"]
[WhiteElo "2516"]
[BlackElo "2519"]
[PlyCount "50"]
[EventDate "2005.10.20"]
[EventType "tourn"]
[EventRounds "9"]
[EventCountry "CHN"]
[EventCategory "10"]
[Source "ChessBase"]
[SourceDate "2006.01.31"]

1. d4 d5 2. c4 dxc4 3. Nf3 Nf6 4. e3 a6 5. Bxc4 b5 6. Bd3 Bb7 7. a4 b4 8. a5 e6
9. O-O c5 10. Nbd2 Be7 11. Qe2 O-O 12. Nb3 cxd4 13. exd4 Bd5 14. Bc4 Bxc4 15.
Qxc4 Qd5 16. Qxd5 Nxd5 17. Be3 Nd7 18. Rfc1 Rfc8 19. Kf1 f5 20. Ke2 Kf7 21.
Rxc8 Rxc8 22. Rc1 Rxc1 23. Bxc1 h6 24. Kd3 g5 25. Kc4 Bd6 1/2-1/2

[Event "Warsaw AIG Life rapid Gp2"]
[Site "Warsaw"]
[Date "2005.12.18"]
[Round "1"]
[White "Gyimesi, Zoltan"]
[Black "Markowski, Tomasz"]
[Result "1-0"]
[WhiteElo "2624"]
[BlackElo "2582"]
[PlyCount "113"]
[EventDate "2005.12.17"]
[EventType "tourn (rapid)"]
[EventRounds "3"]
[EventCountry "POL"]
[EventCategory "14"]
[Source "ChessBase"]
[SourceDate "2006.03.10"]

1. d4 d5 2. c4 dxc4 3. Nf3 Nf6 4. e3 e6 5. Bxc4 a6 6. O-O Nbd7 7. Nc3 b5 8. Bd3
Bb7 9. Qe2 c5 10. Rd1 Qb6 11. a4 b4 12. a5 Qa7 13. Na4 Be7 14. b3 O-O 15. Bb2
Bd5 16. Nxc5 Nxc5 17. dxc5 Qxc5 18. Rdc1 Qa7 19. e4 Bb7 20. Rc7 Bd8 21. Rc4 Be7
22. Rac1 Rad8 23. Ne5 Nd7 24. Bd4 Qb8 25. Nc6 Bxc6 26. Rxc6 Ne5 27. Rb6 Nxd3
28. Qxd3 Qf4 29. Be3 Rxd3 30. Bxf4 Rxb3 31. Rxa6 Ra3 32. g3 g5 33. Be3 b3 34.
Rb1 Rc8 35. Rb6 Rxa5 36. R6xb3 h6 37. Rb7 Bf6 38. Kg2 Ra4 39. Rd7 Rac4 40. Rbb7
Rf8 41. Kf3 Kg7 42. Ba7 Rcc8 43. Bb6 Kg6 44. Bc7 Bc3 45. e5 Rxc7 46. Rdxc7 Bxe5
47. Rc6 h5 48. Ke4 Bf6 49. f4 gxf4 50. gxf4 Ra8 51. Rcc7 Rf8 52. Rc2 Bh4 53.
Rg2+ Kf6 54. Rb5 Rh8 55. Kf3 Rh7 56. Rg8 Rh6 57. Rgg5 1-0

[Event "Bad Zwesten op 10th"]
[Site "Bad Zwesten"]
[Date "2006.01.08"]
[Round "9"]
[White "Graf, Alexander"]
[Black "Van den Doel, Erik"]
[Result "0-1"]
[WhiteElo "2613"]
[BlackElo "2582"]
[PlyCount "80"]
[EventDate "2006.01.02"]
[EventType "swiss"]
[EventRounds "9"]
[EventCountry "GER"]
[Source "ChessBase"]
[SourceDate "2006.03.10"]

1. d4 d5 2. c4 dxc4 3. Nf3 e6 4. Nc3 a6 5. Bg5 Nf6 6. e3 b5 7. a4 b4 8. Na2 Bb7
9. Bxc4 Nbd7 10. O-O Bd6 11. Nc1 c5 12. Nb3 cxd4 13. Nbxd4 Qe7 14. Nb3 O-O 15.
Qe2 Bxf3 16. gxf3 Ne5 17. Rfd1 Qb7 18. Nd2 Be7 19. Bxf6 gxf6 20. f4 Kh8 21. Qh5
Rg8+ 22. Kf1 Ng4 23. Ke2 f5 24. h3 Nxf2 25. Kxf2 Qg2+ 26. Ke1 Qg3+ 27. Ke2 Rad8
28. Nf1 Qg2+ 29. Ke1 b3 30. Rd2 Rxd2 31. Nxd2 Bb4 32. Rd1 Rd8 33. Qe2 Qg1+ 34.
Qf1 Qxe3+ 35. Qe2 Qg1+ 36. Qf1 Qe3+ 37. Qe2 Qxf4 38. Bxa6 Qd4 39. Bb7 Qg1+ 40.
Qf1 Bxd2+ 0-1

[Event "Dos Hermanas Internet f 7th"]
[Site "Internet Chess Club"]
[Date "2006.03.24"]
[Round "1.2"]
[White "Doettling, Fabian"]
[Black "Dlugy, Maxim"]
[Result "1-0"]
[WhiteElo "2542"]
[BlackElo "2531"]
[PlyCount "61"]
[EventDate "2006.03.24"]
[EventType "k.o. (blitz)"]
[EventRounds "5"]
[Source "ChessBase"]
[SourceDate "2006.05.09"]

1. d4 d5 2. c4 dxc4 3. Nf3 a6 4. e3 e6 5. Bxc4 c5 6. O-O Nf6 7. dxc5 Qxd1 8.
Rxd1 Bxc5 9. Be2 O-O 10. Nbd2 Rd8 11. Ne5 Be7 12. Nec4 Nbd7 13. Nb3 b6 14. f3
a5 15. e4 Ba6 16. Be3 a4 17. Nd4 Rac8 18. Nxb6 Nxb6 19. Bxa6 Nc4 20. Bf2 Nxb2
21. Rdb1 Nd3 22. Bxd3 Bc5 23. Rc1 e5 24. Nf5 Bxf2+ 25. Kxf2 Rxc1 26. Rxc1 g6
27. Ne7+ Kf8 28. Nd5 Nxd5 29. exd5 Rxd5 30. Ke3 Rd4 31. Rc4 1-0

[Event "Moscow-ch final"]
[Site "Moscow"]
[Date "2006.03.31"]
[Round "7"]
[White "Kharitonov, Alexandr"]
[Black "Rustemov, Alexander"]
[Result "1-0"]
[WhiteElo "2535"]
[BlackElo "2573"]
[PlyCount "91"]
[EventDate "2006.03.25"]
[EventType "tourn"]
[EventRounds "7"]
[EventCountry "RUS"]
[EventCategory "14"]
[Source "ChessBase"]
[SourceDate "2006.05.09"]

1. d4 d5 2. c4 dxc4 3. Nf3 e6 4. e3 c5 5. Bxc4 a6 6. Bb3 Nf6 7. O-O Nc6 8. Nc3
Be7 9. dxc5 Qxd1 10. Rxd1 Bxc5 11. Bd2 Bd7 12. Rac1 Ba7 13. Na4 Ke7 14. Be1 b6
15. Rxd7+ Kxd7 16. Nxb6+ Bxb6 17. Ba4 Kc8 18. Ne5 Kb8 19. Rxc6 Ka7 20. Nxf7
Rhc8 21. Ne5 Rxc6 22. Nxc6+ Kb7 23. Ne5 Rc8 24. Kf1 Bc7 25. Nd3 e5 26. Bc3 Ne4
27. Bxe5 Bxe5 28. Nxe5 Rc1+ 29. Ke2 Nc5 30. Bd1 Ra1 31. a3 Kb6 32. Bc2 Ra2 33.
Kd2 Kb5 34. Kc3 Na4+ 35. Bxa4+ Kxa4 36. h4 Ra1 37. Nd3 Kb5 38. g3 a5 39. e4 Kc6
40. Kd4 Rd1 41. e5 a4 42. h5 Rh1 43. g4 Rg1 44. f3 Rg2 45. Ke3 h6 46. Ke4 1-0

[Event "Moscow Geller mem"]
[Site "Moscow"]
[Date "2006.05.09"]
[Round "9"]
[White "Vorobiov, Evgeny E"]
[Black "Afromeev, Vladimir"]
[Result "1/2-1/2"]
[WhiteElo "2540"]
[BlackElo "2558"]
[PlyCount "62"]
[EventDate "2006.05.04"]
[EventType "swiss"]
[EventRounds "13"]
[EventCountry "RUS"]
[EventCategory "10"]
[Source "ChessBase"]
[SourceDate "2006.07.14"]

1. d4 d5 2. c4 dxc4 3. Nf3 c5 4. e3 cxd4 5. Bxc4 Qc7 6. Qc2 e6 7. Nxd4 Nc6 8.
Be2 Bd7 9. Nb5 Qb8 10. Nd2 a6 11. Nc3 Nf6 12. a3 Ne5 13. b4 Bc6 14. f4 Neg4 15.
Nf3 Qc7 16. Bd2 Rc8 17. Rc1 Bd6 18. Nd4 O-O 19. O-O Nh6 20. Qd3 Rfd8 21. b5
axb5 22. Ncxb5 Qb8 23. Nxd6 Rxd6 24. Qb1 Be4 25. Qb2 Rdd8 26. Ba5 Rxc1 27. Rxc1
Rc8 28. Rxc8+ Qxc8 29. Bd2 Qd8 30. a4 b6 31. h3 Nf5 1/2-1/2

[Event "Biel MTO op"]
[Site "Biel"]
[Date "2006.08.04"]
[Round "11"]
[White "Avrukh, Boris"]
[Black "Adianto, Utut"]
[Result "1-0"]
[WhiteElo "2641"]
[BlackElo "2580"]
[PlyCount "63"]
[EventDate "2006.07.24"]
[EventType "swiss"]
[EventRounds "11"]
[EventCountry "SUI"]
[Source "ChessBase"]
[SourceDate "2006.09.14"]

1. d4 d5 2. c4 dxc4 3. Nf3 Nf6 4. e3 e6 5. Bxc4 c5 6. O-O a6 7. Bd3 Nc6 8. Nc3
cxd4 9. exd4 Be7 10. a3 O-O 11. Re1 b6 12. Bg5 Bb7 13. Bc2 Rc8 14. Qd3 g6 15.
Rad1 Nd5 16. Bh6 Re8 17. h4 Bf6 18. h5 Nxc3 19. bxc3 Qd5 20. hxg6 hxg6 21. Qd2
Qd6 22. Nh2 Ne7 23. Ng4 Bh8 24. Bf4 Qd8 25. Be5 Bxe5 26. Rxe5 Nf5 27. Bxf5 gxf5
28. Qh6 fxg4 29. Rh5 f6 30. Qg6+ Kf8 31. Rh7 Rc7 32. Qh6+ 1-0

[Event "POR-chT 48th"]
[Site "Evora"]
[Date "2006.07.30"]
[Round "9"]
[White "Ftacnik, Lubomir"]
[Black "Conquest, Stuart"]
[Result "1-0"]
[WhiteElo "2579"]
[BlackElo "2534"]
[PlyCount "63"]
[EventDate "2006.07.22"]
[EventType "team"]
[EventRounds "9"]
[EventCountry "POR"]
[Source "ChessBase"]
[SourceDate "2006.09.14"]

1. d4 d5 2. c4 dxc4 3. Nf3 Nf6 4. e3 e6 5. Bxc4 c5 6. O-O a6 7. Bd3 b6 8. dxc5
Bxc5 9. b4 Be7 10. Bb2 Bb7 11. a3 O-O 12. Qe2 Nbd7 13. Rd1 Qb8 14. Nbd2 a5 15.
b5 Rc8 16. Nc4 Rc5 17. a4 Rh5 18. h3 Bc5 19. Rac1 Nd5 20. Nd4 Rh4 21. Nc6 Qf8
22. Qf3 Rc8 23. Qg3 Rh6 24. N6e5 Nxe5 25. Nxe5 Bd6 26. Rxc8 Qxc8 27. Rc1 Qf8
28. Qf3 Rh4 29. Bc4 f6 30. Nc6 Kh8 31. Bd4 h6 32. g3 1-0

[Event "Muensterland op"]
[Site "Senden"]
[Date "2006.10.13"]
[Round "8"]
[White "Farago, Ivan"]
[Black "Karpatchev, Aleksandr"]
[Result "1/2-1/2"]
[WhiteElo "2522"]
[BlackElo "2515"]
[PlyCount "25"]
[EventDate "2006.10.07"]
[EventType "swiss"]
[EventRounds "9"]
[EventCountry "GER"]
[Source "ChessBase"]
[SourceDate "2006.11.01"]

1. d4 d5 2. c4 dxc4 3. Nf3 Nf6 4. e3 e6 5. Bxc4 c5 6. Qe2 a6 7. dxc5 Bxc5 8.
O-O b5 9. Bd3 Nc6 10. Nc3 O-O 11. a4 bxa4 12. Ne4 Be7 13. Nxf6+ 1/2-1/2

[Event "Warsaw-Buenos Aires-Kolkata Match"]
[Site "Warsaw POL"]
[Date "2007.12.12"]
[Round "2"]
[White "Flores, Di"]
[Black "Socko, B."]
[Result "0-1"]
[WhiteElo "2566"]
[BlackElo "2646"]
[PlyCount "106"]
[EventDate "2007.12.11"]
[SourceDate "1999.07.01"]

1. d4 d5 2. c4 dxc4 3. Nf3 Nf6 4. e3 e6 5. Bxc4 a6 6. O-O c5 7. dxc5 Bxc5 8.
Qxd8+ Kxd8 9. Nbd2 Ke7 10. b3 b6 11. Be2 Bb7 12. Ne5 Rd8 13. Nd3 Bd6 14. Nc4
Bc7 15. Ba3+ Ke8 16. Rfd1 b5 17. Nce5 Nbd7 18. Nxd7 Nxd7 19. Bb2 f6 20. Rac1
Rac8 21. Bh5+ g6 22. Bg4 Ke7 23. h4 Bd6 24. h5 g5 25. Be2 f5 26. g4 Be4 27. f3
Bb7 28. Rxc8 Rxc8 29. Rc1 Rxc1+ 30. Bxc1 fxg4 31. fxg4 e5 32. Bd2 e4 33. Nb4
Ne5 34. a4 a5 35. Nc2 b4 36. Kg2 Bc8 37. Nd4 Kf6 38. Kh3 Bc5 39. Kg3 Bd6 40.
Kh3 Nd3 41. Kg2 Bc5 42. Kg3 Bd7 43. Bd1 h6 44. Be2 Ke5 45. Nb5 Bb6 46. Bd1 Kd5
47. Be2 Bxb5 48. axb5 Bc7+ 49. Kg2 Kc5 50. Bxd3 exd3 51. Kf3 a4 52. bxa4 Kc4
53. Bc1 Kc3 0-1

[Event "KNSB TCh-NED 2007-8"]
[Site "Netherlands NED"]
[Date "2007.12.15"]
[Round "5"]
[White "Levin, F."]
[Black "Ernst, S."]
[Result "1/2-1/2"]
[WhiteElo "2552"]
[BlackElo "2539"]
[PlyCount "35"]
[EventDate "2007.09.15"]
[SourceDate "1999.07.01"]

1. d4 d5 2. c4 dxc4 3. Nf3 c5 4. e3 cxd4 5. Bxc4 Qc7 6. Qb3 e6 7. exd4 Nc6 8.
O-O Bd7 9. Qe3 Nf6 10. d5 Nd8 11. Bb3 Bc5 12. Qg5 O-O 13. Bf4 Qb6 14. Nc3 Nxd5
15. Bxd5 exd5 16. Nxd5 Qg6 17. Qxg6 fxg6 18. Rac1 1/2-1/2

[Event "KNSB TCh-NED 2007-8"]
[Site "Netherlands NED"]
[Date "2007.10.06"]
[Round "2"]
[White "Gustafsson, J."]
[Black "Sprenger, J."]
[Result "1/2-1/2"]
[WhiteElo "2606"]
[BlackElo "2536"]
[PlyCount "43"]
[EventDate "2007.09.15"]
[SourceDate "1999.07.01"]

1. d4 d5 2. c4 dxc4 3. Nf3 Nf6 4. e3 e6 5. Bxc4 c5 6. O-O Nc6 7. Qe2 cxd4 8.
Rd1 Be7 9. Nxd4 Nxd4 10. exd4 Bd7 11. Nc3 Bc6 12. d5 exd5 13. Nxd5 Nxd5 14.
Bxd5 Bxd5 15. Qb5+ Qd7 16. Rxd5 Qxb5 17. Rxb5 O-O-O 18. Bf4 Bd6 19. Rc1+ Kb8
20. Bxd6+ Rxd6 21. Rbc5 Rhd8 22. Kf1 1/2-1/2

[Event "ch-Euro Blitz"]
[Site "Ajaccio FRA"]
[Date "2007.10.25"]
[Round "15"]
[White "Van Wely, L."]
[Black "Guliyev, N."]
[Result "1-0"]
[WhiteElo "2679"]
[BlackElo "2560"]
[PlyCount "137"]
[EventDate "2007.10.25"]
[SourceDate "1999.07.01"]

1. d4 d5 2. c4 dxc4 3. Nf3 Nf6 4. e3 e6 5. Bxc4 a6 6. O-O c5 7. dxc5 Bxc5 8.
Qxd8+ Kxd8 9. Ne5 Ke7 10. Be2 Bd7 11. Nc3 Rd8 12. b3 Nc6 13. Nxd7 Rxd7 14. Rd1
Rxd1+ 15. Bxd1 Rd8 16. Be2 Ne5 17. Na4 Bb4 18. a3 Bd6 19. Bb2 Rc8 20. Nc3 g5
21. Rc1 Rc7 22. Kf1 h6 23. h3 Nfd7 24. Ne4 Rxc1+ 25. Bxc1 Nc5 26. Nxc5 Bxc5 27.
Bb2 f6 28. Ke1 Nd7 29. Kd2 Kd6 30. Bf3 b5 31. b4 Bb6 32. Bb7 a5 33. bxa5 Bxa5+
34. Kc2 Nc5 35. Bf3 e5 36. Be2 Be1 37. Bxb5 Bxf2 38. Kd2 f5 39. Ke2 Bg1 40. a4
f4 41. exf4 gxf4 42. a5 Nb3 43. Bc3 Nd4+ 44. Bxd4 Bxd4 45. Kf3 Kd5 46. Bd3 Ba7
47. a6 Kd4 48. Bg6 Bb6 49. Kg4 Ke3 50. Kh5 e4 51. Kxh6 f3 52. gxf3 exf3 53. Be8
Kf4 54. h4 Kf5 55. Kh5 f2 56. Bb5 Ke6 57. Kg6 Kd6 58. h5 Kc7 59. h6 Bd4 60. h7
Kb6 61. Be2 Ka7 62. Kf7 Kb6 63. Kg8 Ka7 64. h8=Q Bxh8 65. Kxh8 Kb6 66. Kg7 Ka7
67. Kf6 Kb6 68. Kf5 Kc7 69. Ke4 1-0